Представление документа в формате MARC21

Поле Инд. ПП Название Значение
Тип записи a
Библиографический уровень m
001 Контрольный номер UNIDUBNA6cd1d75bbe524678b3b5ef3fd5048cb9
005 Дата корректировки 20260514095034.8
008 Кодируемые данные 20260507
022 0_ a ISSN 0130-7673
084 a Индекс другой классификации/Индекс ББК 84(2=411.2)6
084 a Индекс другой классификации/Индекс ББК 84(6Южн)6
084 a Индекс другой классификации/Индекс ББК 83.3(2=411.2)6
090 a Полочн. индекс 95.2
099 a Индекс 70636
245 10 a Заглавие Новый мир
n Номер части/ раздела №4/2026
b Продолж. заглавия ежемесячный журнал художественной литературы и общественной мысли
c Ответственность учредитель: АО "Редакция журнала "Новый мир""; гл. ред. А. В. Василевский
260 c Дата издания 2026
b Издательство Новый мир
a Место издания Москва
300 a Объем 240 с.
500 a Примечание Журнал
505 0_ a Форматированное содержание Горько засквозили дерева
b Автор Русаков Г. А.
n Доп. информация Стихи
505 0_ a Форматированное содержание Таблицы Брайдиса
b Автор Брайдис С.
n Доп. информация Повесть
505 0_ a Форматированное содержание Седая вода
b Автор Казарин Ю. В.
n Доп. информация Стихи
505 0_ a Форматированное содержание Ёлочка
b Автор Шаргунов С. А.
n Доп. информация Рассказ
505 0_ a Форматированное содержание Джоконда
b Автор Гедымин А. Ю.
n Доп. информация Стихи
505 0_ a Форматированное содержание Урод
b Автор Ермаков О. Н.
n Доп. информация Фрагмент романа "Предчувствие сказки"
505 0_ a Форматированное содержание Ветер поутих
b Автор Заборцева В. И.
n Доп. информация Стихи
505 0_ a Форматированное содержание О тоске
b Автор Старцев Н.
n Доп. информация Рассказ
505 0_ a Форматированное содержание Мерцающий дом
b Автор Анпилов А. Д.
n Доп. информация Стихи
505 0_ a Форматированное содержание "Христос в школьной форме" и другие стихи
b Автор Кэмпбелл Р.
505 0_ a Форматированное содержание Что скрывае ложь: финансовые и деловые отношения Николая Клюева и Сергея Есенина
b Автор Аликевич А. А.
n Доп. информация Коллективные представления и литературные мифы, новейшие и традиционные исследования, документы, свидетельства
505 0_ a Форматированное содержание Маленький шедевр: советский анекдот о кормлении слона
b Автор Жолковский А. К.
600 14 a Персоналии Есенин Сергей Александрович
a Персоналии Клюев Николай Алексеевич
650 04 a Основная рубрика художественная литература; литературоведение; литературная критика
653 0_ a Ключевые слова XX век
a Ключевые слова XXI век
a Ключевые слова анекдоты
a Ключевые слова неограмматизм
a Ключевые слова образ "слона"
a Ключевые слова происхождение слова
a Ключевые слова русская литература
a Ключевые слова русская литературная критика
a Ключевые слова русская поэзия
a Ключевые слова южноафриканская литература
655 a Жанр/ форма (устаревшее) повесть
a Жанр/ форма (устаревшее) поэзия
a Жанр/ форма (устаревшее) проза
a Жанр/ форма (устаревшее) рассказ
a Жанр/ форма (устаревшее) роман
a Жанр/ форма (устаревшее) стихотворение
700 12 a Автор Русаков Г. А.
q Полное имя Русаков Геннадий Александрович
700 12 a Автор Брайдис С.
q Полное имя Брайдис Сергей
700 12 a Автор Казарин Ю. В.
q Полное имя Казарин Юрий Викторович
700 12 a Автор Шаргунов С. А.
q Полное имя Шаргунов Сергей Александрович
700 12 a Автор Гедымин А. Ю.
q Полное имя Гедымин Анна Юрьевна
700 12 a Автор Ермаков О. Н.
q Полное имя Ермаков Олег Николаевич
700 12 a Автор Заборцева В. И.
q Полное имя Заборцева Варвара Ильинична
700 12 a Автор Старцев Н.
q Полное имя Старцев Никита
700 12 a Автор Анпилов А. Д.
q Полное имя Анпилов Андрей Дмитриевич
700 12 a Автор Афлатуни С.
e Роль лиц переводчик
e Роль лиц автор примечаний
e Роль лиц автор предисловия
q Полное имя Афлатуни Сухбат
700 12 a Автор Кэмпбелл Р.
q Полное имя Кэмпбелл Рой
700 12 a Автор Аликевич А. А.
q Полное имя Аликевич Анна Анатольевна
700 12 a Автор Жолковский А. К.
q Полное имя Жолковский Александр Константинович
773 18 w Контрольный № источника RU/IS/BASE/410012541
901 t Тип документа s
952 a Тип литературы для КСУ ВШ ЛХЖ
991 s 6